000 005470000a22001810004500
003 MACL
005 20160420142333.0
008 160420b xxu||||| |||| 00| 0 eng d
040 _aMACL
_cMACL
041 _aHindi
082 _a510
100 _aडॉ अनिल राजपूत
_952919
245 _aव्‍यवसायिक गणित
260 _bक्‍वालिटी पब्लिशिंग कंपनी
_c2004
_aदिल्‍ली
350 _a750
650 _aMathematics
_95682
942 _cHIN
_k510
_2ddc
999 _c12398
_d12398